Statistiques concernant Noms anglais des habitants du village d'Astérix

Cliquez ici pour prendre le quiz!

Statistiques générales

  • Ce quiz a été pris 7 fois
  • Le résultat moyen est 5 sur 12

Statistiques - réponses

Noms français Noms anglais % Correct
AstérixAsterix
100%
ObélixObelix
100%
FalbalaPanacea
33%
AgecanonixGeriatrix
33%
IdéfixDogmatix
33%
IélosubmarineBacteria
33%
CétautomatixFulliautomatix
33%
BonemineImpedimenta
17%
PanomarixGetafix
17%
AbraracourcixVitalstatistix
17%
AssurancetourixCacofonix
17%
OrdralfabétixUnhygienix
17%

Distribution des résultats

Percentile by Number Answered

% des personnes avec chaque résultat

Votre développement - résultats

Vous n’avez pas pris ce quiz